Yüklüyor......
DICTIONARY OF ECONOMIC PLANTS IN INDIA
| Yazar: | |
|---|---|
| Materyal Türü: | Printed Book |
| Baskı/Yayın Bilgisi: |
NEW DELHI
INDIAN COUNCIL OF AGRICULTURAL RESEARCH
1965
|
| Konular: |
| LEADER | 00561nam a2200205 4500 | ||
|---|---|---|---|
| 020 | |||
| 037 | |||
| 082 | |a 581.6 03 MAH | ||
| 100 | |a MAHESHWARI,P., SINGH,Umrao. | ||
| 245 | |a DICTIONARY OF ECONOMIC PLANTS IN INDIA |h English | ||
| 250 | |||
| 260 | |a NEW DELHI |b INDIAN COUNCIL OF AGRICULTURAL RESEARCH |c 1965 | ||
| 300 | |a 197 |f HB | ||
| 500 | |||
| 590 | |||
| 630 | |||
| 650 | |a ECONOMIC PLANTS | ||
| 942 | |c REF | ||
| 999 | |c 167188 |d 167188 | ||
| 952 | |0 0 |1 0 |4 0 |6 581_600000000000000_03_MAH |7 0 |9 180632 |a BOT |b BOT |l 0 |o 581.6 03 MAH |p BOT2258 |r 2019-10-25 |w 2019-10-25 |y REF | ||